| 000 | 01033nam a2200217Ia 4500 | ||
|---|---|---|---|
| 001 | 11439 | ||
| 003 | GE_BSU | ||
| 008 | 181216s||||||||xx |||||||||||||| ||und|| | ||
| 040 | _cGE_BSU | ||
| 080 | _a58(479.223) | ||
| 245 | _aბათუმის ბოტანიკური ბაღის ეგზოტების ბიოლოგიის საკითხები=Вопросы биологии экзотов Батумского Ботанического сада. | ||
| 245 | _cრედ:ნ.მ.შარაშიძე. | ||
| 260 | _aთბილისი. | ||
| 260 | _bმეცნიერება. | ||
| 260 | _c1972. | ||
| 300 | _a108გვ;25სმ. | ||
| 300 | _eილ. | ||
| 653 | _aბათუმის ბოტანიკური ბაღის ეგზოტების ბიოლოგიის საკითხები=Вопросы биологии экзотов Батумского Ботанического сада. | ||
| 653 | _aბიოლოგია | ||
| 942 | _cBK | ||
| 999 |
_c44636 _d44636 |
||